000 00555nam a2200229Ia 4500
003 OSt
005 20220924152826.0
006 a|||||r|||| 00| 0
007 ta
008 220923b |||||||| |||| 00| 0 guj d
024 _a344888
037 _cTextual
040 _aARTS
_cARTS
_bguj
041 _2guj
_aguj
082 _aO156,1M58x, J9
100 _aDivedi
_9227572
245 0 _aAtam nemjan
260 _c1959
650 _aGUJRATI LITERATURE
942 _hO156,1M58x, J9
_cTEXL
_2CC
999 _c471152
_d471152